000 00432nam a2200181Ia 4500
005 20250425160942.0
008 250425s9999 xx 000 0 und d
041 _aeng
082 _a338.23
100 _aNEWENDORP, PAUL D.
245 0 _aDECISION ANALYSIS FOR PETROLEUM EXPLORATION
250 _aS.E.
260 _aEstados Unidos
_bPENNWELL BOOK
_c1975
260 _aTULSA
300 _a668
942 _c01
010 _a9157
999 _c199533
_d199533